UK Cities Starting With A - Statistics

General Stats
  • This quiz has been taken 11 times
  • The average score is 7 of 53
Answer Stats
Hint Answer % Correct
2 Aberdeen
100%
30 Aberystwyth
70%
9 Andover
60%
14 Accrington
40%
15 Aston
40%
3 Aylesbury
40%
7 Ayr
40%
16 Aberdare
30%
5 Aldershot
30%
28 Antrim
30%
22 Arbroath
30%
37 Armagh
30%
4 Ashford
30%
19 Ashford
30%
38 Abergavenny
20%
25 Alloa
20%
11 Abingdon
10%
13 Airdrie
10%
21 Ammanford
10%
47 Ardrossan
10%
41 Abbey Wood
0%
49 Abbots Langley
0%
51 Abercarn
0%
32 Abergele
0%
53 Aberkenfig
0%
46 Abertillery
0%
20 Acocks Green
0%
6 Acton
0%
36 Addlestone
0%
29 Adwick le Street
0%
35 Aldridge
0%
23 Alfreton
0%
40 Alsager
0%
34 Alton
0%
10 Altrincham
0%
24 Amersham
0%
33 Amersham on the Hill
0%
52 Amesbury
0%
27 Ampthill
0%
50 Annfield Plain
0%
1 Archway
0%
44 Armadale
0%
42 Armthorpe
0%
12 Arnold
0%
31 Ascot
0%
43 Ashby de la Zouch
0%
18 Ashington
0%
39 Ashtead
0%
17 Ashton in Makerfield
0%
8 Ashton-under-Lyne
0%
45 Atherstone
0%
26 Atherton
0%
48 Attleborough
0%
No matching quizzes found
Score Distribution
Percent of People with Each Score
Percentile by Number Answered
Your Score History
You have not taken this quiz